| 000 | 01480cab a2200241 4500 | ||
|---|---|---|---|
| 001 | ABS67533 | ||
| 008 | 040226n2004 000 0 eng u | ||
| 035 | _a(Sirsi) u125238 | ||
| 100 | _aCutting, G. | ||
| 245 | _aLaw Commission report - bypassing the need for quicker possession | ||
| 260 | _c2004 | ||
| 490 |
_aResidential Renting _v(25) February 2004, 14-17(4) |
||
| 520 | _aExamines critically the Law Commission report "Renting homes", concentrating on the major proposals affecting the private rented sector. Considers in detail the proposals for occupation agreements. These include the division into type I and II agreements, the four categories of terms, the further issues of inclusions and exclusions, size of the agreement, sanctions for non-provision of written agreements, abandonment and possession procedures. Concludes that reform is largely absent from the proposals relating to the private rented sector and that many of the recommendations are made primarily to promote simplicity, standardisation and flexibility. View "Renting homes" at www.lawcom.gov.uk. | ||
| 590 | _aABS | ||
| 650 | _aPOSSESSION | ||
| 650 | _aABANDONMENT | ||
| 650 | _aOCCUPATIONAL AGREEMENTS | ||
| 650 | _aSOCIAL RENTED SECTOR | ||
| 650 | _aRENTED HOUSING | ||
| 690 | _aPROPERTY-RESIDENTIAL PROPERTY-RESIDENTIAL LANDLORD AND TENANT-RESIDENTIAL TENANCIES | ||
| 856 |
_uhttps://www.lawcom.gov.uk/222.htm#lc284 _zView the report on the LawCommission website... |
||
| 942 | _n0 | ||
| 999 |
_c74172 _d74172 |
||